000 00452nam a2200121Ia 4500
008 220616s9999||||xx |||||||||||||| ||und||
100 _aPramoda Kumar Nayak
245 0 _aTwo-dimensional Materials for Photodetector
546 _aEnglish[eng]
650 _aPhysical Sciences||Engineering and Technology||Optoelectronics||Physics||Optics and Lasers
856 _uhttps://www.intechopen.com/books/two-dimensional-materials-for-photodetector
942 _cEB
999 _c19957
_d19957